Trasa Warszawskiej linii autobusowej 411 - Statystyki

Ogólne statystyki
  • Ten quiz został rozwiązany 98 razy
    77 od ostatniego zresetowania
  • Średni wynik to 27 z 29
Statystyki odpowiedzi
Dzielnica Przystanek % Poprawnych
Praga-Południe Abrahama
100%
Praga-Południe Afrykańska
100%
Praga-Południe Bora-Komorowskiego
100%
Praga-Południe / Wawer Gocław
100%
Śródmieście Marszałkowska
100%
Śródmieście Metro Politechnika
100%
Śródmieście Metro Politechnika
100%
Śródmieście Plac Na Rozdrożu
100%
Praga-Południe Saska
100%
Praga-Południe Wał Gocławski
100%
Praga-Południe Horbaczewskiego
97%
Śródmieście Plac Konstytucji
97%
Śródmieście Rozbrat
97%
Wesoła 1. Praskiego Pułku
93%
Wawer Kajki
93%
Wesoła Stara Miłosna (Ułańska)
93%
Wawer Trakt Lubelski
93%
Wesoła Cieplarniana
90%
Wesoła Fabryczna
90%
Wesoła Nizinna
90%
Wesoła Pogodna
90%
Wesoła Stara Miłosna (Graniczna)
90%
Wesoła Stara Miłosna (Graniczna)
90%
Wesoła Torfowa
90%
Wesoła Torfowa
90%
Wawer Trawiasta
90%
Wesoła Marmurowa
86%
Wesoła Objazdowa
86%
Wesoła Rumiankowa
86%
Nie znaleziono quizów pasujących do podanych kryteriów
Rozkład punktacji
Procent ludzi z każdym wynikiem
Percentyl według liczby udzielonych odpowiedzi
Twoja historia wyników
Nie rozwiązałeś tego quizu od ostatniego zresetowania